Faculty of Law Library — Cairo University

Official Online Catalog

النتائج التجميعية الإحصاء بحث العمالة ومستوى الأجور بالمحافظات : (Record no. 76676)

MARC details
000 -LEADER
fixed length control field 01280nam a2200301 i 4500
003 - CONTROL NUMBER IDENTIFIER
control field EG-GICUC
005 - DATE AND TIME OF LATEST TRANSACTION
control field 20260512134727.0
008 - FIXED-LENGTH DATA ELEMENTS--GENERAL INFORMATION
fixed length control field 260512s1961 ua ad||fr|||| 00| 0 ara d
040 ## - CATALOGING SOURCE
Original cataloging agency EG-GICUC
Language of cataloging ara
Transcribing agency EG-GICUC
Modifying agency EG-GICUC
Description conventions rda
041 0# - LANGUAGE CODE
Language code of text/sound track or separate title ara
082 04 - DEWEY DECIMAL CLASSIFICATION NUMBER
Edition number 21
Classification number 345.431
Item number ج م . ن
092 04 - LOCALLY ASSIGNED DEWEY CALL NUMBER (OCLC)
Edition number 21
099 ## - LOCAL FREE-TEXT CALL NUMBER (OCLC)
Classification number Law1 07 345.431 ج م . ن 1961
110 ## - MAIN ENTRY--CORPORATE NAME
Corporate name or jurisdiction name as entry element الجمهورية العربية المتحدة
Subordinate unit اللجنة المركزية للإحصاء
Relator term مؤلف.
245 12 - TITLE STATEMENT
Title النتائج التجميعية الإحصاء بحث العمالة ومستوى الأجور بالمحافظات :
Remainder of title دورة ابريل 1961/
Statement of responsibility, etc. الجمهورية العربية المتحدة اللجنة المركزية للإحصاء.
264 ## - PRODUCTION, PUBLICATION, DISTRIBUTION, MANUFACTURE, AND COPYRIGHT NOTICE
Place of production, publication, distribution, manufacture [مكان النشر غير محدد] :
Name of producer, publisher, distributor, manufacturer [الناشر غير محدد],
Date of production, publication, distribution, manufacture, or copyright notice 1961.
300 ## - PHYSICAL DESCRIPTION
Extent 174 ؛ صفحة
Dimensions 24 سم
Other physical details إيضاحيات، جداول ؛
336 ## - CONTENT TYPE
Source rda content
Content type term text
337 ## - MEDIA TYPE
Source rda media
Media type term Computer
338 ## - CARRIER TYPE
Source rda carrier
Carrier type term Online Resource
546 ## - LANGUAGE NOTE
Language note النص باللغة العربية
650 14 - SUBJECT ADDED ENTRY--TOPICAL TERM
Topical term or geographic name entry element القانون الإداري
Source of heading or term qrmak
650 14 - SUBJECT ADDED ENTRY--TOPICAL TERM
Source of heading or term qrmak
651 1# - SUBJECT ADDED ENTRY--GEOGRAPHIC NAME
Source of heading or term qrmak
856 40 - ELECTRONIC LOCATION AND ACCESS
Uniform Resource Identifier <a href="https://fll.law.cu.edu.eg/fulltext/bks/B00-00556.pdf">https://fll.law.cu.edu.eg/fulltext/bks/B00-00556.pdf</a>
905 ## - Cataloger and Reviser Names
Cataloger Name: Soha Mohamed
942 ## - ADDED ENTRY ELEMENTS (KOHA)
Source of classification or shelving scheme Dewey Decimal Classification
Suppress in OPAC No
Koha item type Books
Edition 21
Holdings
Withdrawn status Lost status Source of classification or shelving scheme Damaged status Not for loan Collection Home library Current library Date acquired Total checkouts Full call number Barcode Date last seen Copy number Price effective from Koha item type
    Dewey Decimal Classification   Not for loan القانون الإداري جــــامعة القــاهرة مكتبة كلية الحقوق - المبنى الرئيسي 12.05.2026   Law1 07 345.431 ج م . ن 1961 000556 C1 B00-00556 12.05.2026 1 12.05.2026 Books

© All rights reserved — Faculty of Law, Cairo University